|
|
|
|
| LEADER |
00000nab a2200000uu 4500 |
| 001 |
vtls010883155 |
| 003 |
SK-MaSNL |
| 005 |
20260304175212.0 |
| 008 |
230222|2001 xo |||||||||||||||||slo| |
| 015 |
|
|
|a SNBRB
|
| 035 |
|
|
|a (urnnbn)urn:nbn:sk:snk:ar-0023w1
|
| 035 |
|
|
|a (uuid)87da79a3-de4b-4f3b-baac-213a943e9d23
|
| 035 |
|
|
|a urn:nbn:sk:snk-ab8er2
|
| 040 |
|
|
|a SNKBUCL
|b slo
|c SNKBUCL
|e AACR2
|
| 041 |
0 |
|
|a slo
|
| 044 |
|
|
|a xo
|c SK
|
| 100 |
1 |
|
|a Harťanská, Jana,
|d 1952-
|4 aut
|9 231705
|
| 245 |
1 |
0 |
|a Miesto gramatiky vo vyučovaní cudzieho jazyka - aktuálne problémy
|c Jana Hart'anská, Zdenka Gadušová
|
| 700 |
1 |
|
|a Gadušová, Zdenka,
|d 1953-
|4 aut
|9 200140
|
| 773 |
0 |
|
|t Acta Nitriensiae : zborník Filozofickej fakulty Univerzity Konštantína Filozofa v Nitre
|g Č. 4 (2001), s. 15-31
|
| 954 |
|
|
|a odborná, vedecká literatúra pôvodná (slovenská)
|2 lita
|
| 958 |
|
|
|a OND
|
| 958 |
|
|
|a EUIPO
|
| 958 |
|
|
|a article10
|
| 999 |
|
|
|c 3012421
|d 3014351
|